000 00471cam a22002054a 4500
005 20250605164319.0
008 250528s ||||||||||||||||||||||||d
035 _a22815
020 _a9780132874267
040 _aGR-AtMCL
_bgre
_dGR-AtMCL
_eAACR2
245 1 _aJAVA FOR STUDENTS
250 _a5
260 _bPearson,
_c2006
300 _a525
700 1 _aBell Douglas
_91518
700 1 _aParr Mike
_98488
942 _cBK
999 _c7860
_d7860